|
|
|
|
| LEADER |
00000nab a2200000 a 4500 |
| 001 |
vtls000418989 |
| 003 |
SK-MaSNL |
| 005 |
20260304023245.0 |
| 008 |
220422c1989 xo 0 cze |
| 015 |
|
|
|a SNBRA19rr/mm-uuuuu
|
| 035 |
|
|
|a CL0419117
|
| 040 |
|
|
|a SNKBUCL
|b slo
|c SNKBUCL
|e AACR2
|
| 041 |
0 |
|
|a cze
|
| 044 |
|
|
|a xo
|c SK
|
| 080 |
|
|
|a 621.74:331.822:628.511.4
|2 1981
|
| 080 |
|
|
|a 331.822
|2 1981
|
| 080 |
|
|
|a 628.511.4
|2 1981
|
| 080 |
|
|
|a 613.6
|2 1981
|
| 100 |
1 |
|
|a Matula, František
|4 aut
|9 1302969
|
| 245 |
1 |
0 |
|a Rozbor a návrhy řešení hygienické problematiky v závodě ČKD Kutná Hora
|c František Matula
|
| 300 |
|
|
|b Obr. 2.
|
| 650 |
0 |
7 |
|a zlievarenstvo
|2 snkbucl
|9 67317
|
| 650 |
0 |
7 |
|a pracovné prostredie
|2 snkbucl
|9 1299
|
| 650 |
0 |
7 |
|a hygiena práce
|2 snkbucl
|9 1298
|
| 655 |
|
7 |
|a články zo zborníkov
|2 snkbucl
|9 166140
|
| 773 |
0 |
|
|t Hygiena a bezpečnosť práce v zlievárňach
|d Banská Bystrica : Dom techniky ČSVTS, 1989
|g S. 81-90
|
| 850 |
|
|
|a Slovenská národná knižnica v Martine
|a MTA001
|
| 852 |
|
|
|a SNK
|b KIS3GCP
|
| 958 |
|
|
|a RK
|
| 958 |
|
|
|a ME
|
| 958 |
|
|
|a CZ
|
| 992 |
|
|
|a RZB
|
| 999 |
|
|
|c 2615422
|d 2617352
|